000
00303nam a22001217a 4500
005
20250918120028.0
008
250918b |||||||| |||| 00| 0 eng d
050
_a
PA3000
_b
LAW
100
_a
LAWRENCE D.H.
245
_a
THE RAINBOW
260
_a
LONDON
_b
EVERYMAN PUBLISHERS PLC
_c
c1993
942
_2
lcc
_c
BK
_n
0
999
_c
7585
_d
7585